| 000 | 00960cab a2200289 4500 | ||
|---|---|---|---|
| 001 | ABS46296 | ||
| 008 | 090401t1992 xxu||||| |||| 00| 0 eng d | ||
| 035 | _a(Sirsi) u57635 | ||
| 041 | _aeng | ||
| 100 | _aHarpum, C. | ||
| 245 | _aSelling without title: a vendor`s duty of disclosure? | ||
| 260 | _c1992 | ||
| 350 | _a0 | ||
| 490 |
_aLaw Quarterly Review _v(108) April 1992, 280-333(53) |
||
| 520 | _aDetailed argument for the obligation of the vendor to disclose any defect in the title before contracting to sell the property. Refers to the development of conveyancing law and current conveyancing practice. | ||
| 650 | _aCONTRACT TO SELL | ||
| 650 | _aCONVEYANCING | ||
| 650 | _aDEFECTIVE TITLE | ||
| 650 | _aDUTY OF DISCLOSURE | ||
| 650 | _aLAND REGISTRATION ACT 1925 | ||
| 650 | _aSALE OF PROPERTY | ||
| 650 | _aTITLE | ||
| 650 | _aVENDOR AND PURCHASER | ||
| 690 | _aPROPERTY LAW AND PRACTICE | ||
| 942 | _n0 | ||
| 948 | _c04/03/1997 | ||
| 999 |
_c35165 _d35165 |
||